Torch Bible commentaries. (Record no. 6113)

MARC details
000 -LEADER
fixed length control field 00855nam a22001817a 4500
003 - CONTROL NUMBER IDENTIFIER
control field GBCCL
005 - DATE AND TIME OF LATEST TRANSACTION
control field 20241126110556.0
008 - FIXED-LENGTH DATA ELEMENTS--GENERAL INFORMATION
fixed length control field 180501b ||||| |||| 00| 0 eng d
040 ## - CATALOGING SOURCE
Transcribing agency gbc
082 ## - DEWEY DECIMAL CLASSIFICATION NUMBER
Classification number 220.7
Item number TOR
245 ## - TITLE STATEMENT
Title Torch Bible commentaries.
260 ## - PUBLICATION, DISTRIBUTION, ETC.
Place of publication, distribution, etc. London :
Name of publisher, distributor, etc. SCM Press,
Date of publication, distribution, etc. 1948-
300 ## - PHYSICAL DESCRIPTION
Extent 42 volumes ; 19 cm
505 ## - FORMATTED CONTENTS NOTE
Formatted contents note Genesis 1-11 --<br/>Genesis 12-50 --<br/>Exodus --<br/>Deuteronomy --<br/>I.+II. Samuel --<br/>Ruth + Jonah --<br/>Job --<br/>Psalms --<br/>Wisdom of Soloman --<br/>Isaiah, 1-39 --<br/>Isaiah, 40-55 --<br/>Isaiah, 56-66, + Joel --<br/>Jeremiah --<br/>Ezekiel --<br/>Daniel --<br/>Josea --<br/>Amos + Micah --<br/>Ob, Nahum, Habakkuh, + Zeph --<br/>Hagga, Zech, + Malochi --<br/>_ --<br/>Matthew --<br/>Mark --<br/>Luke --<br/>John --<br/>Acts --<br/>Galatians --<br/>Ephesians --<br/>Hebrews --<br/>Eps of John --<br/>Rev.
650 ## - SUBJECT ADDED ENTRY--TOPICAL TERM
Topical term or geographic name entry element Bible -- Commentaries.
9 (RLIN) 10991
650 ## - SUBJECT ADDED ENTRY--TOPICAL TERM
Topical term or geographic name entry element Bible.
9 (RLIN) 5
942 ## - ADDED ENTRY ELEMENTS (KOHA)
Edition 2ND ED
Source of classification or shelving scheme Dewey Decimal Classification
Koha item type Books
Koha issues (borrowed), all copies 23
Holdings
Withdrawn status Lost status Source of classification or shelving scheme Damaged status Not for loan Home library Current Library Shelving location Date acquired Total checkouts Full call number Barcode Date last seen Date last checked out Copy number Price effective from Koha item type Total renewals
    Dewey Decimal Classification     GRACE BIBLE COLLEGE GRACE BIBLE COLLEGE Biblical Studies 2018-05-01 7 220.7 TOR 009159 2025-05-01 2024-08-12 v.13 2018-05-01 Books  
    Dewey Decimal Classification     GRACE BIBLE COLLEGE GRACE BIBLE COLLEGE Biblical Studies 2018-07-18 2 220.7 TOR 006024 2025-05-01 2020-11-11 v.24 2018-07-18 Books  
    Dewey Decimal Classification     GRACE BIBLE COLLEGE GRACE BIBLE COLLEGE Biblical Studies 2018-07-19 3 220.7 TOR 006054 2025-05-01 2022-09-30 v.11 2018-07-19 Books  
    Dewey Decimal Classification     GRACE BIBLE COLLEGE GRACE BIBLE COLLEGE Biblical Studies 2018-07-19   220.7 TOR 006060 2025-05-01   v.21 2018-07-19 Books  
    Dewey Decimal Classification     GRACE BIBLE COLLEGE GRACE BIBLE COLLEGE Biblical Studies 2018-07-19 9 220.7 TOR 005131 2025-05-01 2024-02-06 v.16 2018-07-19 Books 1
    Dewey Decimal Classification     GRACE BIBLE COLLEGE GRACE BIBLE COLLEGE Biblical Studies 2018-09-04 2 220.7 TOR 003322 2025-05-01 2022-09-01 v.11 c.2 2018-09-04 Books  
© Grace Bible College Library 2025